[Event "NJSK 2019 Jeugd B"]
[Site "Assen, Netherlands"]
[Date "2019.05.02"]
[Round "5.6"]
[White "Van der Schaaf, Tristan"]
[Black "Verheul, Job"]
[Result "1-0"]
[WhiteElo "1807"]
[BlackElo "1605"]
[PlyCount "137"]
[EventDate "2019.??.??"]

1. d4 d5 2. c4 c6 3. Nf3 Nf6 4. g3 Bf5 5. Nc3 e6 6. Nh4 Bg6 7. Qb3 Qb6 8. Nxg6
hxg6 9. c5 Qxb3 10. axb3 Nbd7 11. Bg2 Be7 12. f3 e5 13. e3 O-O 14. Kf2 b6 15.
b4 a5 16. dxe5 Nxe5 17. cxb6 Bxb4 18. Na4 Rfb8 19. e4 Nd3+ 20. Ke2 Nc5 21. Bf4
Rb7 22. Nxc5 Bxc5 23. Rhc1 Nd7 24. Bh3 Bxb6 25. Rxc6 Nf6 26. Kd3 dxe4+ 27. fxe4
Rd8+ 28. Rd6 Rxd6+ 29. Bxd6 Nd7 30. e5 Nc5+ 31. Kc4 Ne6 32. Bg2 Rd7 33. Kb5 Bd4
34. Ra2 Kh7 35. Bc6 Rd8 36. Kxa5 Rc8 37. Kb5 Nc7+ 38. Kc4 Ne6 39. Kd5 Bg1 40.
b4 Nd4 41. b5 Nf5 42. h3 Kh6 43. g4 Ne3+ 44. Ke4 Nc4 45. Ra8 Rxa8 46. Bxa8 f6
47. Bd5 Nxe5 48. Bxe5 fxe5 49. Kxe5 Kg5 50. Kd6 Kh4 51. Kc7 Kxh3 52. Be6 Kh4
53. b6 Kg5 54. b7 Kf6 55. Bd7 Ke7 56. Ba4 Bh2+ 57. Kc8 Kf6 58. b8=Q Bxb8 59.
Kxb8 g5 60. Kc7 Ke7 61. Bc2 Kf7 62. Kd7 Kg8 63. Ke7 Kh8 64. Kf7 g6 65. Kxg6 Kg8
66. Kxg5 Kg7 67. Bd3 Kh8 68. Kh6 Kg8 69. g5 1-0

[Event "NJSK 2019 Jeugd B"]
[Site "Assen, Netherlands"]
[Date "2019.05.02"]
[Round "5.8"]
[White "Broersma, Sven"]
[Black "Van Wijngaarden, Frank"]
[Result "0-1"]
[WhiteElo "1617"]
[BlackElo "1774"]
[PlyCount "52"]
[EventDate "2019.??.??"]

1. d4 Nf6 2. c4 c5 3. d5 e6 4. Nc3 exd5 5. cxd5 d6 6. g3 g6 7. Bg2 Bg7 8. Nf3
O-O 9. O-O Bg4 10. Bf4 Bxf3 11. Bxf3 a6 12. a4 Qc7 13. Qd2 Nbd7 14. Rab1 Rab8
15. b4 cxb4 16. Rxb4 Nc5 17. Rfb1 Nfd7 18. Bh6 Bxh6 19. Qxh6 f5 20. e4 Nd3 21.
exf5 N7e5 22. Bg2 Nxb4 23. fxg6 Nxg6 24. Ne4 Nd3 25. Ng5 Nc5 26. Rc1 Qg7 0-1

[Event "NJSK 2019 Jeugd B"]
[Site "Assen, Netherlands"]
[Date "2019.05.03"]
[Round "6.7"]
[White "Van Wijngaarden, Frank"]
[Black "Roothaan, Elmar"]
[Result "1-0"]
[WhiteElo "1774"]
[BlackElo "1711"]
[PlyCount "55"]
[EventDate "2019.??.??"]

1. e4 c5 2. Be2 g6 3. f4 Nc6 4. Nf3 d5 5. e5 Bg7 6. O-O Nh6 7. c4 d4 8. d3 Nf5
9. Na3 a6 10. Nc2 h5 11. g3 b6 12. Ng5 Qc7 13. Bf3 Bh6 14. Ne4 Bb7 15. Qe1
O-O-O 16. b4 cxb4 17. Nxb4 Ne3 18. Bxe3 dxe3 19. Nd5 Qb8 20. Nxb6+ Kc7 21. Nd5+
Kc8 22. Rb1 Qa7 23. Nb6+ Kc7 24. Nc5 e2 25. Rf2 Bc8 26. Nd5+ Rxd5 27. cxd5 Qxc5
28. Rc1 1-0

[Event "NJSK 2019 Jeugd B"]
[Site "Assen, Netherlands"]
[Date "2019.05.03"]
[Round "6.8"]
[White "Broersma, Sven"]
[Black "Verheul, Job"]
[Result "1/2-1/2"]
[WhiteElo "1617"]
[BlackElo "1605"]
[PlyCount "54"]
[EventDate "2019.??.??"]

1. d4 d5 2. c4 c6 3. Nf3 Nf6 4. Nc3 dxc4 5. a4 Bf5 6. Nh4 Bg6 7. Nxg6 hxg6 8.
e4 e6 9. Bxc4 Bb4 10. Bg5 Bxc3+ 11. bxc3 Qa5 12. Bd2 Nxe4 13. O-O Qh5 14. Qxh5
gxh5 15. Rfd1 Nxd2 16. Rxd2 Nd7 17. a5 O-O 18. Be2 Nf6 19. Rb1 Ne4 20. Rc2 g6
21. Bf3 Nd6 22. a6 bxa6 23. Bxc6 Rab8 24. Rbc1 Rfc8 25. d5 exd5 26. Bxd5 Rc5
27. c4 Rbc8 1/2-1/2

[Event "NJSK 2019 Jeugd B"]
[Site "Assen, Netherlands"]
[Date "2019.05.04"]
[Round "7.1"]
[White "Hilwerda, Jonas"]
[Black "Cchung, Chi Yun"]
[Result "1-0"]
[WhiteElo "2312"]
[BlackElo "1836"]
[PlyCount "67"]
[EventDate "2019.??.??"]

1. e4 c5 2. Nf3 e6 3. b3 b6 4. Bd3 Bb7 5. O-O d6 6. Bb2 Nd7 7. Re1 Ngf6 8. c3
Be7 9. Bc2 O-O 10. d4 Qc7 11. Nbd2 Rac8 12. Rc1 a6 13. c4 cxd4 14. Nxd4 Qb8 15.
Nb1 Bd8 16. Nd2 d5 17. Ba3 Re8 18. exd5 exd5 19. Rxe8+ Nxe8 20. cxd5 Ndf6 21.
Nc6 Bxc6 22. dxc6 Qf4 23. Nf3 Qh6 24. Bf5 Rb8 25. Rc4 Nh5 26. Bd7 Bc7 27. Bc1
Qf6 28. Bg5 Qb2 29. Rc2 Qa3 30. Bxe8 Bf4 31. Bxf4 Nxf4 32. c7 Rxe8 33. c8=Q
Ne2+ 34. Qxe2 1-0

[Event "NJSK 2019 Jeugd B"]
[Site "Assen, Netherlands"]
[Date "2019.05.04"]
[Round "7.2"]
[White "Shakhverdian, William"]
[Black "Bruil, Rembrandt"]
[Result "1/2-1/2"]
[WhiteElo "1949"]
[BlackElo "2178"]
[PlyCount "120"]
[EventDate "2019.??.??"]

1. d4 d5 2. Nf3 Nf6 3. c4 e6 4. Bg5 Be7 5. Nc3 O-O 6. e3 Nbd7 7. cxd5 Nxd5 8.
Bxe7 Qxe7 9. Nxd5 exd5 10. Bd3 c6 11. Qc2 Nf6 12. O-O Ne4 13. Rfe1 Re8 14. Nd2
Qh4 15. Nf3 Qh5 16. Ne5 f6 17. Nf3 Bh3 18. Nd2 Qg6 19. Bf1 Bf5 20. Nxe4 Bxe4
21. Qd2 Qf7 22. Rac1 Qe7 23. a3 a5 24. a4 Qb4 25. Qxb4 axb4 26. b3 Kf8 27. f3
Bg6 28. Kf2 Re7 29. Be2 Ke8 30. Bd1 Kd7 31. Bc2 Bf7 32. Bd3 g6 33. h4 Rae8 34.
Ra1 b6 35. Rac1 Kd6 36. g4 Rc8 37. e4 dxe4 38. fxe4 Bxb3 39. Rb1 Bxa4 40. Rxb4
b5 41. g5 fxg5 42. hxg5 c5 43. e5+ Ke6 44. dxc5 Rxc5 45. Kf3 Rf7+ 46. Kg3 Rd7
47. Bf1 Rc3+ 48. Kf4 Rf7+ 49. Kg4 Rcf3 50. Be2 Rc3 51. Bxb5 Bxb5 52. Rxb5 Rfc7
53. Rb6+ R7c6 54. Rxc6+ Rxc6 55. Ra1 Rc4+ 56. Kg3 Kxe5 57. Ra7 Kf5 58. Ra5+ Ke4
59. Ra7 Rc5 60. Kg4 Ke5 1/2-1/2

[Event "NJSK 2019 Jeugd B"]
[Site "Assen, Netherlands"]
[Date "2019.05.04"]
[Round "7.3"]
[White "Grutter, Tim"]
[Black "Maters, Arthur"]
[Result "1-0"]
[WhiteElo "2029"]
[BlackElo "2043"]
[PlyCount "79"]
[EventDate "2019.??.??"]

1. e4 c5 2. Nf3 d6 3. d4 cxd4 4. Nxd4 Nf6 5. Nc3 a6 6. g3 e5 7. Nb3 Be7 8. Bg2
b5 9. a4 b4 10. Nd5 a5 11. Nxe7 Qxe7 12. O-O O-O 13. Re1 Qc7 14. Nd2 Bb7 15. b3
Rd8 16. Bb2 Nbd7 17. Rc1 Nc5 18. Re3 Ba6 19. c4 Bb7 20. h3 Rf8 21. f4 Qb6 22.
Qe2 Bxe4 23. Nxe4 Nfxe4 24. Kh2 f5 25. fxe5 dxe5 26. Rd1 Rad8 27. Bxe5 Rxd1 28.
Qxd1 Rd8 29. Qf3 Qe6 30. Bf4 Rd2 31. g4 g5 32. Bxg5 Qe5+ 33. Bf4 Qb2 34. gxf5
Rf2 35. Qg4+ Kh8 36. Bc7 Qd2 37. Rxe4 Rxg2+ 38. Qxg2 Qxg2+ 39. Kxg2 Nxe4 40.
Bxa5 1-0

[Event "NJSK 2019 Jeugd B"]
[Site "Assen, Netherlands"]
[Date "2019.05.04"]
[Round "7.4"]
[White "Elgersma, Onno"]
[Black "Honkoop, Gilian"]
[Result "1/2-1/2"]
[WhiteElo "2174"]
[BlackElo "2038"]
[PlyCount "122"]
[EventDate "2019.??.??"]

1. e4 e5 2. Nf3 Nc6 3. Bb5 a6 4. Ba4 Nf6 5. O-O Be7 6. d3 b5 7. Bb3 d6 8. a3
O-O 9. Nc3 Bg4 10. Be3 Na5 11. Ba2 c5 12. Nd5 Nc6 13. c3 Kh8 14. h3 Be6 15. b4
Nd7 16. a4 f5 17. Nxe7 Qxe7 18. Bxe6 Qxe6 19. axb5 axb5 20. Rxa8 Rxa8 21. Ng5
Qg6 22. exf5 Qxf5 23. f4 Rf8 24. g4 Qf6 25. bxc5 Nxc5 26. d4 exd4 27. cxd4 Ne6
28. Nxh7 Kxh7 29. Qc2+ Kh8 30. Qxc6 Nxd4 31. Qd5 Ne2+ 32. Kg2 b4 33. Qh5+ Kg8
34. Qb5 Nc3 35. Qxb4 Nd5 36. Qb3 Qe6 37. Rf3 Rc8 38. Bd2 Qe4 39. Kg3 Kh8 40.
Qd3 Nf6 41. Re3 Qa4 42. Kh4 d5 43. Qf5 Rc2 44. Rc3 Rxc3 45. Bxc3 d4 46. Bb2 Qb4
47. Qc8+ Kh7 48. Qc2+ Kh8 49. Qc8+ Kh7 50. Qc2+ Kg8 51. Qc8+ Kh7 52. Qf5+ Kh8
53. Qc8+ Ng8 54. Qc2 Qe1+ 55. Kh5 Nf6+ 56. Kg5 Qe4 57. Qxe4 Nxe4+ 58. Kg6 d3
59. Bc1 d2 60. Bxd2 Nxd2 61. f5 Ne4 1/2-1/2

[Event "NJSK 2019 Jeugd B"]
[Site "Assen, Netherlands"]
[Date "2019.05.04"]
[Round "7.5"]
[White "Van Wijngaarden, Frank"]
[Black "Van der Schaaf, Tristan"]
[Result "1-0"]
[WhiteElo "1774"]
[BlackElo "1807"]
[PlyCount "59"]
[EventDate "2019.??.??"]

1. e4 c6 2. d4 d5 3. Nc3 dxe4 4. Nxe4 Bf5 5. Ng3 Bg6 6. h4 h6 7. Nf3 Nd7 8. h5
Bh7 9. Bd3 Bxd3 10. Qxd3 Ngf6 11. Bd2 e6 12. O-O-O Be7 13. Kb1 Qb6 14. Ne4 Nxe4
15. Qxe4 Nf6 16. Qe2 c5 17. Be3 O-O 18. g4 Nd5 19. Ka1 Nxe3 20. fxe3 Rfd8 21.
g5 hxg5 22. h6 g6 23. h7+ Kg7 24. Qh2 Bf6 25. Rdf1 Rf8 26. Ne5 Qd8 27. Qf2 cxd4
28. exd4 Bxe5 29. h8=Q+ Rxh8 30. Qxf7# 1-0

[Event "NJSK 2019 Jeugd B"]
[Site "Assen, Netherlands"]
[Date "2019.05.04"]
[Round "7.6"]
[White "Gevorkjan, Lewon"]
[Black "Albers, Sasa"]
[Result "1/2-1/2"]
[WhiteElo "1808"]
[BlackElo "1690"]
[PlyCount "64"]
[EventDate "2019.??.??"]

1. e4 c6 2. d4 d5 3. Nc3 dxe4 4. Nxe4 Nf6 5. Nxf6+ exf6 6. c3 Bd6 7. Bd3 O-O 8.
Qc2 g6 9. Ne2 Nd7 10. h4 Re8 11. h5 Nf8 12. Bh6 Qe7 13. O-O-O Bf5 14. Bxf8 Kxf8
15. hxg6 Bxg6 16. Ng3 Bxg3 17. fxg3 Qe3+ 18. Qd2 Qxg3 19. Bxg6 hxg6 20. Rdf1
Qg5 21. Qxg5 fxg5 22. Rh7 f5 23. Rfh1 Kg8 24. Kd2 Rab8 25. Kd3 f4 26. R1h6 g4
27. Kc4 f3 28. gxf3 gxf3 29. Rc7 Re6 30. Rhh7 Rf6 31. Rhg7+ Kf8 32. Rh7 Kg8
1/2-1/2

[Event "NJSK 2019 Jeugd B"]
[Site "Assen, Netherlands"]
[Date "2019.05.04"]
[Round "7.7"]
[White "Verheul, Job"]
[Black "Roothaan, Elmar"]
[Result "1/2-1/2"]
[WhiteElo "1605"]
[BlackElo "1711"]
[PlyCount "101"]
[EventDate "2019.??.??"]

1. e4 c5 2. c3 d5 3. exd5 Qxd5 4. d4 cxd4 5. cxd4 e6 6. Nf3 Bd7 7. Nc3 Qa5 8.
Bd3 Nf6 9. O-O Be7 10. Re1 h6 11. a3 O-O 12. Bc2 Bc6 13. Ne5 Rd8 14. Qe2 Rxd4
15. Nxf7 Bd7 16. Ne5 Be8 17. Ng6 Bxg6 18. Qxe6+ Bf7 19. Qxe7 Rd7 20. Qe5 Qxe5
21. Re3 Qe4 22. Rxe4 Nc6 23. Re1 Nd4 24. Ba4 Rc7 25. Be3 Nf5 26. Bf4 Rc4 27.
Be5 Ng4 28. Rad1 Rxa4 29. Nxa4 Bb3 30. Nc3 Bxd1 31. Nxd1 Rd8 32. Bc3 Nd4 33. f3
Nc2 34. Rf1 Nf6 35. Kf2 Nd5 36. Kg3 Nxc3 37. Nxc3 Ne3 38. Re1 Nf5+ 39. Kf2 Kf7
40. Rd1 Rxd1 41. Nxd1 Nd6 42. Ne3 Ke6 43. Ke2 g6 44. Kd3 a6 45. a4 Nf7 46. Kd4
Ne5 47. Nc4 Nd7 48. b4 b6 49. b5 a5 50. g4 h5 51. gxh5 1/2-1/2

[Event "NJSK 2019 Jeugd B"]
[Site "Assen, Netherlands"]
[Date "2019.05.04"]
[Round "8.1"]
[White "Bruil, Rembrandt"]
[Black "Grutter, Tim"]
[Result "0-1"]
[WhiteElo "2178"]
[BlackElo "2029"]
[PlyCount "76"]
[EventDate "2019.??.??"]

1. d4 Nf6 2. Nf3 c5 3. d5 b5 4. c4 Bb7 5. Qc2 b4 6. e4 d6 7. Nbd2 g6 8. Be2 Bg7
9. O-O Nbd7 10. a3 a5 11. Re1 O-O 12. h3 Qb6 13. Nf1 b3 14. Qd3 a4 15. Bd2 Rfd8
16. Bc3 Ba6 17. Ng3 Qc7 18. Rad1 Nb6 19. Nd2 e6 20. f4 exd5 21. exd5 Nbxd5 22.
Bxf6 Nxf6 23. Qf3 Bb7 24. Qf1 Re8 25. Bf3 Rad8 26. Rxe8+ Nxe8 27. Bxb7 Qxb7 28.
Rb1 d5 29. cxd5 Qxd5 30. Nc4 Nd6 31. Nb6 Qc6 32. Nc4 Nxc4 33. Qxc4 Rd2 34. Ne4
Bd4+ 35. Kh1 Qxe4 36. Rg1 Qe2 37. Qc1 Bxg1 38. Qxg1 Rd1 0-1

[Event "NJSK 2019 Jeugd B"]
[Site "Assen, Netherlands"]
[Date "2019.05.04"]
[Round "9.1"]
[White "Grutter, Tim"]
[Black "Bruil, Rembrandt"]
[Result "1-0"]
[WhiteElo "2029"]
[BlackElo "2178"]
[PlyCount "81"]
[EventDate "2019.??.??"]

1. e4 c5 2. Nc3 Nc6 3. Bb5 Nd4 4. Bc4 a6 5. Nf3 b5 6. Bd5 Rb8 7. Nxd4 cxd4 8.
Ne2 Nf6 9. Bb3 Nxe4 10. Nxd4 e6 11. O-O Be7 12. a4 b4 13. Qg4 Nf6 14. Qg3 Bb7
15. d3 O-O 16. Bd2 Qb6 17. Ne2 Rbc8 18. Be3 Qa5 19. Bd4 d6 20. f4 Rfe8 21. Rae1
Qh5 22. h3 e5 23. fxe5 dxe5 24. Bxe5 Bc5+ 25. d4 Rxe5 26. Rxf6 Bxd4+ 27. Nxd4
Rxe1+ 28. Kh2 Qe5 29. Qxe5 Rxe5 30. Rxf7 Bd5 31. Rd7 Bxb3 32. cxb3 Re3 33. Nf5
Rxb3 34. Ne7+ Kf7 35. Nxc8+ Ke6 36. Rxg7 Rxb2 37. Rxh7 Ra2 38. Rh6+ Kd7 39.
Nb6+ Ke7 40. Nd5+ Kf7 41. Nxb4 1-0